Traité élémentaire de chimie organique / (Record no. 152019)

MARC details
000 -LEADER
campo de control de longitud fija 00776nam a22002055i 4500
001 - NÚMERO DE CONTROL
campo de control 152019
003 - IDENTIFICADOR DE NÚMERO DE CONTROL
campo de control ES-MaACL
005 - FECHA Y HORA DE LA ÚLTIMA TRANSACCIÓN
campo de control 20251002204327.0
008 - DATOS DE LONGITUD FIJA--INFORMACIÓN GENERAL
campo de control de longitud fija 020711s1886 fr a |||| | fre d
040 ## - FUENTE DE CATALOGACIÓN
Centro catalogador/agencia de origen CCPB | B
Lengua de catalogación spa
Centro/agencia transcriptor CCPB | B
100 1# - ENTRADA PRINCIPAL--NOMBRE DE PERSONA
Nombre de persona Berthelot, Marcellin,
Fechas asociadas al nombre 1827-1907
9 (RLIN) 125961
245 10 - MENCIÓN DEL TÍTULO
Título Traité élémentaire de chimie organique /
Mención de responsabilidad, etc. par M. Berthelot et E. Jungfleisch.
250 ## - MENCION DE EDICION
Mención de edición 3ème éd. rev. et considérablement augm.
260 ## - PUBLICACIÓN, DISTRIBUCIÓN, ETC.
Lugar de publicación, distribución, etc. Paris :
Nombre del editor, distribuidor, etc. Ch. Dunod,
Fecha de publicación, distribución, etc. 1886.
300 ## - DESCRIPCIÓN FÍSICA
Extensión 2 v. :
Otras características físicas il. ;
Dimensiones 24 cm.
650 #7 - PUNTO DE ACCESO ADICIONAL DE MATERIA--TÉRMINO DE MATERIA
Término de materia o nombre geográfico como elemento de entrada Química orgánica
Fuente del encabezamiento o término embne
9 (RLIN) 136799
700 1# - ENTRADA AGREGADA--NOMBRE PERSONAL
Nombre de persona Jungfleisch, Émile,
Fechas asociadas al nombre 1839-1916
9 (RLIN) 128399
852 ## - LOCALIZACIÓN
Ubicación ES-MaACL
Número de control de estantería F-10701-02
Nota libre -- Enc. piel
Encuadernación -- Completar T260: (Bourloton: Imprimeries réunies)
Holdings
Estatus retirado Estado de pérdida Estado de daño No para préstamo Colección Biblioteca de origen Biblioteca actual Ubicación en estantería Fecha de adquisición Total de préstamos Signatura topográfica completa Código de barras Visto por última vez Precio de reemplazo Tipo de ítem Koha
        Libros del s. XIX Biblioteca del Ateneo de Madrid Biblioteca del Ateneo de Madrid Sala Pecera Planta 2 17/01/2008   F-10701-02 1158679 23/02/2023 23/02/2023 Libro impreso antiguo